000 00741nam a22001937a 4500
999 _c18283
_d18283
003 AR-CdUCM
008 190513b ||||| |||| 00| 0 spa d
040 _aMUNICIPALIDAD PROVINCIAL DEL CUSCO
_cBIBLIOTECA MUNICIPAL DEL CUSCO
082 _a869.564 /
_bSA22
100 _aSánchez, Luis Alberto.
_9401
245 _aAladino o vida y obra de José Santos Chocano /
260 _aMéxico :
_bLibro Mex editores,
_c1960.
300 _a551 páginas ;
_c22 cm.
505 _aContenido : Con majestad de inca y orgullo de español -- Primeros pasos -- De atenas al Ponto Euximo -- La gloria del proceso -- Sólo un metro cuadrado ...
650 _aSiglo XX.
_98
650 _aLiteratura.
_983
942 _2ddc
_cLIBROS
945 _arum
_d2019-05-13